000 00873cam a2200265 a 4500
999 _c1654
_d1654
001 (Sirsi) a954240
003 OSt
005 20230118082627.0
008 151221s2012 si a c 000 1 eng d
020 _a9789810721541
_q(pbk.) :
040 _aJJ
_beng
_cTAE
_dKH8
042 _anbic
082 0 _a823.92 TAN
100 1 _aTan, Caline,
_d1972-
_eauthor
245 1 0 _aFishy tales /
_cwritten & illustrated by Caline Tan.
260 _aSingapore :
_bBubbly Books,
_c2012.
300 _a109 p. :
_bill. ;
_c20 cm.
490 1 _aRobozonic ;
_v2.
520 _aMabel is selected to represent her class in the 100-metre sprint. Determined to win, she plans to do some early training at school.
521 1 _a9-12.
650 0 _aFriendship
_vJuvenile fiction.
650 0 _aRobots
_vJuvenile fiction.
800 1 _aTan, Caline,
_d1972-
_tRobozonic ;
_v2.
942 _2ddc
_cNFIC